[Event "TCh-NOR Clubs 2012"]
[Site "Fagernes NOR"]
[Date "2012.06.09"]
[Round "3"]
[White "Hansen,TR"]
[Black "Ostenstad,B"]
[Result "1/2-1/2"]
[WhiteElo "2469"]
[BlackElo "2484"]

1.e4 e6 2.d4 d5 3.Nd2 Be7 4.c3 c5 5.exd5 Qxd5 6.Ngf3 Nf6 7.Bc4 Qd6 8.dxc5 Qxc5
9.Qe2 a6 10.Ne4 Nxe4 11.Qxe4 Nd7 12.Be3 Nf6 13.Bxc5 Nxe4 14.Bd4 b5 15.Bd3 Bb7
16.O-O O-O 17.Rfe1 Nf6 18.Ne5 Rfc8 19.Red1 Bc5 20.Be2 Bxd4 21.Rxd4 Rd8 22.Rad1 Rd5
23.Bf3  1/2-1/2

[Event "5th Sudety Open 2012"]
[Site "Szklarska Poreba POL"]
[Date "2012.06.10"]
[Round "9"]
[White "Lukasiewicz,An"]
[Black "Betkowski,A"]
[Result "0-1"]
[WhiteElo "2060"]
[BlackElo "2186"]

1.e4 e6 2.d4 d5 3.Nd2 a6 4.Ngf3 Nf6 5.e5 Nfd7 6.Bd3 c5 7.c3 Nc6 8.O-O g5
9.dxc5 g4 10.Nd4 Ndxe5 11.N2b3 Nxd3 12.Qxd3 e5 13.Re1 Bg7 14.Nf5 Bxf5 15.Qxf5 Qd7
16.Qg5 O-O 17.Qh4 f5 18.h3 gxh3 19.Qxh3 Rf6 20.f4 Rh6 21.Qg3 Rg6 22.Qf2 a5
23.Be3 a4 24.Nc1 d4 25.Rd1 dxe3 26.Rxd7 exf2+ 27.Kxf2 Bf8 28.Ne2 Bxc5+ 29.Ke1 Rxg2
30.fxe5 Re8 31.Rd5 Rxe5 32.Rxe5 Nxe5 33.Kd1 f4 34.b4 Be3  0-1

[Event "OKU Open GpA 2012"]
[Site "Utrecht NED"]
[Date "2012.06.10"]
[Round "5.12"]
[White "Kouwenhoven,Arjen"]
[Black "Abcouwer,J"]
[Result "0-1"]
[WhiteElo "2050"]
[BlackElo "2213"]

1.e4 e6 2.d4 d5 3.Nd2 Nc6 4.Ngf3 Nf6 5.e5 Nd7 6.c3 f6 7.exf6 Qxf6 8.Bb5 Bd6
9.Nf1 O-O 10.Bg5 Qf7 11.Be3 h6 12.Ng3 e5 13.O-O e4 14.Nd2 Ne7 15.Be2 Nf6
16.c4 c6 17.Rc1 Qg6 18.Nb3 Nf5 19.Nh5 Nxe3 20.Nxf6+ Rxf6 21.fxe3 Bh3 22.g3 Bxg3
23.Kh1 Bxf1 24.Bxf1 Bf2 25.Bg2 Bxe3 26.Rc2 Raf8 27.Qe1 Rf1+  0-1

[Event "5th Mayors Cup 2012"]
[Site "Mumbai IND"]
[Date "2012.06.12"]
[Round "8.22"]
[White "Kunal,M"]
[Black "Praveen Kumar,C1"]
[Result "1/2-1/2"]
[WhiteElo "2250"]
[BlackElo "2342"]

1.e4 e6 2.d4 d5 3.Nd2 Nc6 4.Ngf3 Nf6 5.e5 Nd7 6.Nb3 a5 7.a4 b6 8.Bb5 Ncb8
9.O-O c6 10.Bd3 Ba6 11.Qe2 Bxd3 12.Qxd3 Be7 13.c4 Na6 14.cxd5 cxd5 15.Bd2 O-O
16.Rfc1 Ra7 17.Ne1 Bb4 18.Nc2 Bxd2 19.Nxd2 f6 20.f4 fxe5 21.fxe5 Ndb8 22.Qh3 Qe8
23.Na3 Qg6 24.Nb5 Raf7 25.Nd6 Rf4 26.Ra3 h5 27.Rf3 Rxf3 28.Nxf3 Qh6 29.Rc3 Nb4
30.Qg3 N8c6 31.h4 Qh7 32.Kh2 Qb1 33.Qh3 Qg6 34.Nb5 Rf4 35.Ng5 Rg4 36.Nc7 Rxg5
37.hxg5 Nxd4 38.Nb5 Nxb5 39.axb5 d4 40.Rc8+ Kh7 41.g4 Qxg5 42.Qxh5+ Qxh5+
43.gxh5 d3 44.Rc1 Kh6 45.Kg3 Kxh5 46.Kf3 g5 47.Rh1+ Kg6 48.Ke4 g4 49.Kf4 d2
50.Rd1 Nd3+ 51.Kg3 Kf5 52.Rxd2 Nb4 53.Rf2+ Kxe5 54.Kxg4 Nd5 55.Kf3 Nc7 56.Rh2 Kd4
57.Rc2 Nd5  1/2-1/2

[Event "16th Voronezh Master Open"]
[Site "Voronezh RUS"]
[Date "2012.06.13"]
[Round "2.47"]
[White "Kulagin,S"]
[Black "Pogosian,G"]
[Result "1/2-1/2"]
[WhiteElo "2120"]
[BlackElo "2268"]

1.e4 e6 2.d4 d5 3.Nd2 a6 4.Bd3 Nf6 5.e5 Nfd7 6.Ndf3 c5 7.c3 Nc6 8.Nh3 cxd4
9.cxd4 Bb4+ 10.Bd2 Qa5 11.Nf4 Bxd2+ 12.Qxd2 Qxd2+ 13.Kxd2 O-O 14.Rac1 Nb6
15.Rhe1 Bd7 16.b3 f6 17.exf6 Rxf6 18.g3 Raf8 19.h4 h6 20.Re3 Na8 21.Bg6 Nb6
22.a3 a5 23.Bd3 a4 24.b4 g5 25.hxg5 hxg5 26.Nxg5 Nxd4 27.Rc7 Nb3+ 28.Ke1 Rc8
29.Rxc8+ Bxc8 30.Ngxe6 Rh6 31.Kf1 Nc4 32.Bxc4 dxc4  1/2-1/2

[Event "5th Mayors Cup 2012"]
[Site "Mumbai IND"]
[Date "2012.06.14"]
[Round "10.14"]
[White "Ziatdinov,R"]
[Black "Praveen Kumar,C1"]
[Result "0-1"]
[WhiteElo "2370"]
[BlackElo "2342"]

1.e4 e6 2.d4 d5 3.Nd2 Nc6 4.Ngf3 Nf6 5.e5 Nd7 6.Bb5 f6 7.O-O a6 8.Bxc6 bxc6
9.c4 fxe5 10.dxe5 Be7 11.Nd4 Nb8 12.Qg4 O-O 13.Nxe6 g6 14.Nxd8 Bxg4 15.Nb7 a5
16.b4 axb4 17.cxd5 cxd5 18.Nb3 Nd7 19.Re1 Ra6 20.Be3 Rb8 21.N7c5 Nxc5 22.Bxc5 Bxc5
23.Nxc5 Rc6 24.Rac1 Rb5 25.Ne4 Rxc1 26.Nf6+ Kf8 27.Rxc1 Be6 28.Rc6 Ra5 29.Rxe6 b3
30.Nxh7+ Kg8  0-1

[Event "Teplice Open 2012"]
[Site "Teplice CZE"]
[Date "2012.06.16"]
[Round "1.30"]
[White "Sejkora,V"]
[Black "Gruss,Petr"]
[Result "1-0"]
[WhiteElo "2224"]
[BlackElo "1847"]

1.e4 e6 2.d4 d5 3.Nd2 a6 4.exd5 exd5 5.Bd3 Nf6 6.Ne2 Bd6 7.Nf3 Bg4 8.Ng3 O-O
9.O-O Nbd7 10.Bg5 c6 11.c3 Re8 12.h3 Bxf3 13.Qxf3 Qc7 14.Nf5 Bf8 15.Nh6+ gxh6
16.Bxf6 Nxf6 17.Qxf6 Re6 18.Qf5 Rg6 19.Rae1 Qc8 20.Qxc8 Rxc8 21.Bxg6 hxg6
22.Re2 Bd6 23.f4 Kg7 24.f5 g5 25.g4 f6 26.Re6 Rd8 27.Rfe1 Kf7 28.b4 Rd7 29.a4 Bf4
30.Rb1 Rd6 31.Rxd6 Bxd6 32.Kf2 b6 33.Ke2 Ke7 34.Kd3 Kd7 35.Re1 Be7 36.h4 Bd6
37.hxg5 hxg5 38.Re6 Be7 39.b5 axb5 40.axb5 cxb5 41.Rxb6 Bd8 42.Rxb5 Kc6 43.c4  1-0

[Event "Teplice Open 2012"]
[Site "Teplice CZE"]
[Date "2012.06.17"]
[Round "2.7"]
[White "Boros,De"]
[Black "Wimmer,Mi"]
[Result "1-0"]
[WhiteElo "2475"]
[BlackElo "2119"]

1.e4 e6 2.d4 d5 3.Nd2 Be7 4.Bd3 c5 5.dxc5 Nf6 6.Qe2 O-O 7.Ngf3 a5 8.O-O Na6
9.e5 Nd7 10.c4 Naxc5 11.Bc2 dxc4 12.Qxc4 b5 13.Qg4 f5 14.exf6 Nxf6 15.Qh4 g6
16.Nb3 Nh5 17.Ng5 Bb7 18.Qg4 Bd5 19.Nxh7  1-0

[Event "5th Karen Asrian Memorial"]
[Site "Jermuk ARM"]
[Date "2012.06.18"]
[Round "3.4"]
[White "Hayrapetian,A"]
[Black "Grigoryan,Av"]
[Result "0-1"]
[WhiteElo "2372"]
[BlackElo "2581"]

1.e4 e6 2.d4 d5 3.Nd2 Nc6 4.Ngf3 Nf6 5.e5 Nd7 6.c3 f6 7.exf6 Qxf6 8.Bb5 Bd6
9.Nf1 a6 10.Ba4 e5 11.Ne3 exd4 12.cxd4 Nb6 13.Bxc6+ bxc6 14.Qc2 O-O 15.Bd2 Bh3
16.Rg1 Bxg2 17.Rxg2 Qxf3  0-1

[Event "Cerrado GM Hotel"]
[Site "Zaragoza ESP"]
[Date "2012.06.18"]
[Round "1.4"]
[White "Khamrakulov,I"]
[Black "Anton Guijarro,D"]
[Result "1-0"]
[WhiteElo "2517"]
[BlackElo "2475"]

1.e4 e6 2.d4 d5 3.Nd2 Be7 4.Ngf3 Nf6 5.e5 Nfd7 6.c4 dxc4 7.Nxc4 Nb6 8.Bd3 Bd7
9.Na5 Bc6 10.Nxc6 Nxc6 11.O-O g5 12.Be3 Nd5 13.Qb3 Rb8 14.Be4 g4 15.Nd2 h5
16.Rac1 h4 17.Nb1 g3 18.Nc3 Ncb4 19.Nxd5 exd5 20.Bf5 gxh2+ 21.Kxh2 c6 22.f4 Na6
23.Bd3 Nc7 24.f5 Bg5 25.Rce1 Bxe3 26.Rxe3 Qg5 27.Rff3 Rg8 28.Bf1 Qg4 29.Qb4 Na6
30.Qd2 Nc7 31.e6 f6 32.Qa5 Nb5 33.a4 Nd6 34.Qxa7 Ke7 35.Qb6 Rgc8 36.Be2 Qg5
37.Bd3 Qg4 38.a5 Qg5 39.Re2 Qg4 40.Rc2 Qg5 41.Rcf2 Qg4 42.Kg1 Qg5 43.Qc5 Qg4
44.Be2 Qg5 45.Rf4 Qh6 46.Rg4 Rg8 47.Qb6 Rgc8 48.Rff4 h3 49.g3 h2+ 50.Kh1 Nxf5
51.Rxf5 Qc1+ 52.Rf1 Qe3 53.Qc5+ Kxe6 54.Rxf6+ Kxf6 55.Qd6+ Kf7 56.Rf4+  1-0

[Event "62nd ch-RUS HL w"]
[Site "Tyumen RUS"]
[Date "2012.06.19"]
[Round "4.9"]
[White "Shadrina,T"]
[Black "Drozdova,D"]
[Result "1-0"]
[WhiteElo "2359"]
[BlackElo "2256"]

1.e4 e6 2.d4 d5 3.Nd2 Be7 4.e5 c5 5.Qg4 Kf8 6.Nb3 Nc6 7.c3 cxd4 8.cxd4 Nb4
9.Qd1 Qc7 10.Bd3 Nxd3+ 11.Qxd3 a5 12.Ne2 a4 13.Nd2 b6 14.O-O Ba6 15.Qf3 Qc2
16.Re1 Nh6 17.g4 Bb4 18.Nf4 Kg8 19.Rd1 Rc8 20.a3 Bc3 21.Nf1 Ba5 22.Bd2 Qb3
23.Ne3 Bxd2 24.Rxd2 Rc6 25.Nh5 Bd3 26.Nxg7 Kxg7 27.Qf6+ Kf8 28.Qxh6+ Ke8
29.Nxd5 Qxd5 30.Rxd3 Rg8 31.h3 Rg6 32.Qxh7 Qe4 33.Qh8+ Ke7 34.Rc3 Rxc3 35.bxc3 Kd7
36.Qh4 Qc2 37.Qg3 Qb2 38.Rd1 Qxa3 39.d5 exd5 40.Rxd5+ Kc8 41.Qd3  1-0

[Event "Hotel El Aguila GM"]
[Site "Utebo ESP"]
[Date "2012.06.19"]
[Round "3.1"]
[White "Antoli Royo,J"]
[Black "Garza Marco,S"]
[Result "1/2-1/2"]
[WhiteElo "2401"]
[BlackElo "2410"]

1.e4 e6 2.d4 d5 3.Nd2 Be7 4.Ngf3 Nf6 5.e5 Nfd7 6.Bd3 c5 7.c3 Nc6 8.O-O g5
9.dxc5 g4 10.Nd4 Ndxe5 11.Bb5 Bd7 12.N2b3 h5 13.Re1 Ng6 14.Nxc6 bxc6 15.Bd3 Rg8
16.Bxg6 Rxg6  1/2-1/2

[Event "Hotel El Aguila GM"]
[Site "Utebo ESP"]
[Date "2012.06.20"]
[Round "5.1"]
[White "Forcen Esteban,D"]
[Black "Garza Marco,S"]
[Result "1/2-1/2"]
[WhiteElo "2457"]
[BlackElo "2410"]

1.e4 e6 2.d4 d5 3.Nd2 Be7 4.Bd3 c5 5.dxc5 Nf6 6.Qe2 O-O 7.Ngf3 a5 8.O-O Na6
9.e5 Nd7 10.c3 Naxc5 11.Bc2 b5 12.Nd4 Qc7 13.Re1 Ba6 14.Qe3 Rfb8 15.f4 g6
16.N2f3 Rb6 17.g4 Ne4 18.Bxe4 dxe4 19.Qxe4 Bb7 20.Qe2 b4 21.cxb4 Rxb4 22.Be3 Bd5
23.a3 Rb6 24.Rac1 Qb7 25.Rc2 Be4 26.Rd2 Rb8 27.Bf2 Bd5 28.Rc1 Nc5 29.f5 Nb3
30.Nxb3 Bxf3 31.Nxa5 Qa8 32.Qe1 Rxb2 33.Rxb2 Rxb2 34.Qc3 Rb8 35.Nc6 Bxc6
36.Qxc6 exf5 37.gxf5 gxf5 38.a4 Ba3 39.Rc3 Qxc6 40.Rxc6 Ra8 41.Rc4 Bb2 42.Bb6 Bxe5
43.a5 Kf8 44.h3 Ke7 45.Kf2 Ke6 46.Ke3 Kd5 47.Kd3 f4 48.Rc5+ Ke6 49.Kc4 f3
50.Rc6+ Kf5 51.Kb5 Bg3 52.a6 f2 53.Rc1 Ke4 54.a7 Kf3 55.Ka6 Kg2 56.Rc2 Kf3
57.Rc3+ Ke2 58.Re3+ Kd2 59.Rf3 Ke2 60.Re3+  1/2-1/2

[Event "65th ch-RUS HL"]
[Site "Tyumen RUS"]
[Date "2012.06.21"]
[Round "6"]
[White "Ganzhurov,R"]
[Black "Makhmutov,R"]
[Result "0-1"]
[WhiteElo "2327"]
[BlackElo "2363"]

1.e4 e6 2.d4 d5 3.Nd2 a6 4.Ngf3 c5 5.c3 Nc6 6.Bd3 Nf6 7.O-O cxd4 8.cxd4 dxe4
9.Nxe4 Be7 10.a3 O-O 11.Nc3 b5 12.Re1 Bb7 13.Bc2 Re8 14.Qd3 g6 15.h4 Rc8
16.b4 Bxb4 17.axb4 Nxb4 18.Qd2 Nxc2 19.Qxc2 Bxf3 20.gxf3 b4 21.Bg5 Rxc3 22.Qa4 Rf8
23.Qxb4 Rxf3 24.Rxa6 Qc8 25.Bh6 Re8 26.Qa4 Ng4 27.Rc1 Qb8 28.Rc7 Nxh6 29.Qc6 Rb3
30.Rca7 Rb1+ 31.Kg2 Qb5  0-1

[Event "5th Svein Memorial"]
[Site "Oslo NOR"]
[Date "2012.06.22"]
[Round "8"]
[White "Hillarp Persson,T"]
[Black "Hoi,C"]
[Result "1-0"]
[WhiteElo "2578"]
[BlackElo "2357"]

1.e4 e6 2.d4 d5 3.Nd2 Nc6 4.Ngf3 Nf6 5.e5 Nd7 6.c3 b6 7.h4 h6 8.Bd3 a5 9.Nf1 Ba6
10.Bxa6 Rxa6 11.a4 Ra8 12.h5 Qc8 13.Nh4 Qa6 14.f4 Be7 15.Nf3 Nd8 16.Qe2 Qxe2+
17.Kxe2 c5 18.Ne3 Nc6 19.Nc2 Kd8 20.Na3 cxd4 21.cxd4 Na7 22.Bd2 Kc7 23.Nb5+ Kb7
24.Rhc1 Rhc8 25.g4 Rxc1 26.Rxc1 Nc6 27.f5 Rh8 28.Ne1 f6 29.fxe6 Nf8 30.exf6 gxf6
31.Nf3 Nxe6 32.Kf2 Ng5 33.Bxg5 fxg5 34.Re1 Rf8 35.Re6 Rf6 36.Rxf6 Bxf6 37.Nd6+ Kb8
38.Nf5  1-0

[Event "3rd Forni di Sopra Open"]
[Site "Forni di Sopra ITA"]
[Date "2012.06.23"]
[Round "9.7"]
[White "Naroditsky,D"]
[Black "Bove,A"]
[Result "1-0"]
[WhiteElo "2479"]
[BlackElo "2362"]

1.e4 e6 2.d4 d5 3.Nd2 Be7 4.Ngf3 Nf6 5.e5 Nfd7 6.Bd3 c5 7.c3 Nc6 8.O-O a5
9.a4 Qb6 10.Qe2 cxd4 11.cxd4 g5 12.h3 h5 13.g4 hxg4 14.hxg4 Nxd4 15.Qe3 Nxf3+
16.Nxf3 Qb4 17.Nh2 Rh4 18.Bd2 Qxb2 19.Bb5 Qc2 20.Rac1 Qh7 21.Qg3 Kf8 22.Nf3 Rh3
23.Qg2 Rxf3 24.Qxf3 Nxe5 25.Qg3 Bd6 26.f4 Ng6 27.Rf2 Nxf4 28.Bxf4 gxf4 29.Rxf4 Bxf4
30.Qxf4 Qe4 31.Qh6+ Ke7 32.Qg5+ Kf8 33.Rf1 e5 34.Qd8+ Kg7 35.Qf6+ Kg8 36.Qxf7+ Kh8
37.Qf8+ Kh7 38.Rf7+  1-0

[Event "5th Svein Memorial"]
[Site "Oslo NOR"]
[Date "2012.06.23"]
[Round "3"]
[White "Vas,P SWE"]
[Black "Frisk,E"]
[Result "0-1"]
[WhiteElo "2326"]
[BlackElo "2181"]

1.e4 e6 2.d4 d5 3.Nd2 Be7 4.Bd3 c5 5.dxc5 Nd7 6.Nb3 dxe4 7.Bxe4 Nxc5 8.Qxd8+ Kxd8
9.Nxc5 Bxc5 10.Bg5+ f6 11.Rd1+ Kc7 12.Bh4 Ne7 13.Bg3+ e5 14.Nf3 Nc6 15.c3 Be6
16.Bd5 Bxd5 17.Rxd5 Be7 18.Ke2 Rad8 19.Rhd1 Rxd5 20.Rxd5 Rd8 21.Rxd8 Bxd8
22.b4 a6 23.Kd3 Kd6 24.Nd2 f5 25.f3 b5 26.Bf2 Kd5 27.Bc5 Bg5 28.c4+ bxc4+
29.Nxc4 e4+ 30.fxe4+ fxe4+ 31.Kc3 Bf6+ 32.Kb3 Nd4+ 33.Bxd4 Kxd4  0-1

[Event "Paleros Open"]
[Site "Paleros GRE"]
[Date "2012.06.23"]
[Round "9"]
[White "Dorfanis,I"]
[Black "Antic,De"]
[Result "1-0"]
[WhiteElo "2225"]
[BlackElo "2518"]

1.e4 e6 2.d4 d5 3.Nd2 Be7 4.Ngf3 Nf6 5.e5 Nfd7 6.Bd3 c5 7.c3 Nc6 8.O-O g5
9.dxc5 Ndxe5 10.Bb5 Nd7 11.Nb3 a6 12.Bxc6 bxc6 13.Nfd4 Qc7 14.Qh5  1-0

[Event "TCh-SUI National A 2012"]
[Site "Switzerland SUI"]
[Date "2012.06.24"]
[Round "5.3"]
[White "Marciano,D"]
[Black "Sermier,G"]
[Result "1-0"]
[WhiteElo "2514"]
[BlackElo "2413"]

1.e4 e6 2.d4 d5 3.Nd2 Nc6 4.Ngf3 Nf6 5.e5 Nd7 6.Bd3 Nb4 7.Be2 c5 8.c3 Nc6
9.O-O Qb6 10.Nb3 cxd4 11.cxd4 a5 12.Be3 a4 13.Nc1 Qxb2 14.Nd3 Qb6 15.Rb1 Qd8
16.Ng5 Be7 17.h4 Nb6 18.Nf4 g6 19.Bd3 Na5 20.Qf3 Bxg5 21.Nxg6 hxg6 22.Bxg5 Qc7
23.Rxb6  1-0

[Event "TCh-SUI National A 2012"]
[Site "Switzerland SUI"]
[Date "2012.06.24"]
[Round "5.2"]
[White "Sokolov,And1"]
[Black "Hug,W"]
[Result "1/2-1/2"]
[WhiteElo "2577"]
[BlackElo "2469"]

1.e4 e6 2.d4 d5 3.Nd2 Nc6 4.Ngf3 Nf6 5.e5 Nd7 6.Nb3 a5 7.a4 b6 8.Bb5 Na7
9.Be2 Be7 10.h4 c5 11.Be3 cxd4 12.Nbxd4 Qc7 13.Bf4 Nc5 14.O-O h6 15.h5 g5
16.hxg6 fxg6 17.Bd3 g5 18.Bg6+ Kf8 19.Bh2 Kg7 20.Bh5 Qd8 21.c4 Rh7 22.Qc2 Kh8
23.cxd5 Qxd5 24.Rfd1 Bb7 25.Bg6 Rg7 26.Nf5 Qe4 27.Nxg7 Qxc2 28.Bxc2 Kxg7
29.Nd4 Rc8 30.Bg3 Nc6 31.Nxc6 Bxc6 32.f3 Bd5 33.Bf2 Rf8 34.Rd4 Na6 35.Rad1 Nb4
36.Be4 Bc5 37.Bxd5 Bxd4 38.Bxe6 Bxe5 39.b3 Rb8 40.Rd7+ Kg6 41.Bc4 h5 42.Re7 Bc3
43.Re3 Bd2 44.Re6+ Kf5 45.Rh6 Bc3 46.Rxh5 Kg6 47.g4 Rd8 48.Be3 Bf6 49.Be6 Bd4
50.Bf5+ Kf6 51.Rh6+ Ke5 52.Re6+ Kd5 53.Kg2 Bxe3 54.Rxe3 Kd4 55.Re6 Nd5 56.Kf2 Rh8
57.Rd6 Ke5 58.Re6+ Kd4 59.Rd6 Ke5 60.Re6+  1/2-1/2

[Event "62nd ch-RUS HL w"]
[Site "Tyumen RUS"]
[Date "2012.06.26"]
[Round "10"]
[White "Shadrina,T"]
[Black "Vasilevich,I"]
[Result "1-0"]
[WhiteElo "2359"]
[BlackElo "2375"]

1.e4 e6 2.d4 d5 3.Nd2 Be7 4.Bd3 Nf6 5.e5 Nfd7 6.Ne2 c5 7.c3 Nc6 8.Nf3 cxd4
9.cxd4 f6 10.exf6 Nxf6 11.O-O O-O 12.Re1 Bd6 13.Bf4 Bb4 14.Bd2 Bd6 15.Ng3 Bd7
16.Rc1 Qb6 17.Bc3 Rae8 18.a3 Bf4 19.Rc2 Nd8 20.Ne2 Bb8 21.Rc1 Nf7 22.Ne5 Bb5
23.Bb1 Ne4 24.Nf3 Qd8 25.Ng3 Bf4 26.Nxe4 dxe4 27.Nd2 Nd6 28.Qg4 Qf6 29.Rcd1 e3
30.fxe3 Bxe3+ 31.Kh1 Bf2 32.Re5 a6 33.d5 Qf4 34.Bxh7+ Kh8 35.Qh5 Qh6 36.Bg6 Qxh5
37.Bxh5 Re7 38.Bb4 Rd8 39.Ne4 Nxe4 40.Bxe7 Rxd5 41.Rexd5 exd5 42.Rxd5 Be3
43.Bh4 g5 44.Bf3 Nf6 45.Rxg5  1-0

[Event "TCh-CHN 2012"]
[Site "Taizhou CHN"]
[Date "2012.06.27"]
[Round "5"]
[White "Yu Shaoteng"]
[Black "Nguyen Ngoc Truong Son"]
[Result "1/2-1/2"]
[WhiteElo "2507"]
[BlackElo "2662"]

1.e4 e6 2.d4 d5 3.Nd2 Be7 4.Bd3 c5 5.dxc5 Nf6 6.Qe2 O-O 7.Ngf3 a5 8.O-O Na6
9.e5 Nd7 10.Nb3 Ndxc5 11.Nxc5 Nxc5 12.c3 Nxd3 13.Qxd3 b6 14.Re1 Ba6 15.Qe3 Bc5
16.Nd4 Qh4 17.Bd2 Rfc8 18.a3 h6 19.Rec1 Qg4 20.f3 Qg6 21.Qf2 Bd3 22.Be3 Qh5
23.Rd1 Bh7 24.f4 Bxd4 25.Bxd4 b5 26.h3 Rab8 27.b4 Ra8 28.Kh2 Qg6 29.Bc5 Qc2
30.Qxc2 Bxc2 31.Re1 Rc6 32.Rac1 Bg6 33.Re2 axb4 34.axb4 Rca6 35.Rd2 Ra2 36.Rxa2 Rxa2
37.Rf1 Bd3 38.Rf2 Rxf2 39.Bxf2 Kh7  1/2-1/2

[Event "62nd ch-RUS HL w"]
[Site "Tyumen RUS"]
[Date "2012.06.27"]
[Round "11"]
[White "Severiukhina,Z"]
[Black "Drozdova,D"]
[Result "1-0"]
[WhiteElo "2337"]
[BlackElo "2256"]

1.e4 e6 2.d4 d5 3.Nd2 Be7 4.Bd3 c5 5.dxc5 Nf6 6.Qe2 Nc6 7.Ngf3 Nb4 8.Nb3 O-O
9.O-O a5 10.a4 Nxd3 11.cxd3 b6 12.e5 Nd7 13.c6 Nc5 14.Nbd4 f6 15.Bd2 Qe8
16.Bc3 Ba6 17.Rad1 Rc8 18.Rfe1 Qg6 19.exf6 Bxf6 20.Ne5 Bxe5 21.Qxe5 Rf6 22.Re3 Rcf8
23.Rg3 Qf7 24.Ne2 Rg6 25.Rxg6 hxg6 26.Nf4 Bxd3 27.Rxd3 Nxd3 28.Nxd3 Rc8 29.Qd6 Rc7
30.g3 g5 31.Ne5  1-0

[Event "Championnat de Corse 2012"]
[Site "Bastia FRA"]
[Date "2012.06.28"]
[Round "6.1"]
[White "Utrera,L"]
[Black "Brethes,F"]
[Result "0-1"]
[WhiteElo "1953"]
[BlackElo "2244"]

1.e4 e6 2.d4 d5 3.Nd2 Nc6 4.c3 e5 5.exd5 Qxd5 6.Ngf3 exd4 7.Bc4 Qh5 8.O-O Be6
9.Bxe6 fxe6 10.Qe2 O-O-O 11.Nxd4 Qxe2 12.Nxe2 Nf6 13.Nf3 Bc5 14.Bf4 Rhf8
15.b4 Bd6 16.Bxd6 cxd6 17.Ned4 Nxd4 18.Nxd4 Kd7 19.Rad1 Rc8 20.Nb5 Nd5 21.Nxa7 Rxc3
22.Nb5 Rc2 23.a3 Ke7 24.Nd4 Ra2 25.Nxe6 Kxe6 26.Rfe1+ Kd7 27.Rxd5 Rfxf2 28.Rg5 g6
29.Rg3 Rfd2 30.h3 d5 31.Rf1 d4 32.Rf7+ Ke8 33.Rxh7 d3 34.Rxg6 Rxg2+ 35.Rxg2 Rxg2+
36.Kxg2 d2 37.Rxb7 d1=Q 38.Rg7 Qe2+ 39.Kh1 Qf3+ 40.Kh2 Qxa3 41.Rg4 Kf7 42.Rf4+ Kg6
43.Rg4+ Kf5 44.Kg2 Qe3 45.Kh2 Qf3 46.Rg3 Qf4 47.b5 Qd2+ 48.Rg2 Qd6+ 49.Rg3 Kf4
50.b6 Qxb6 51.Rg4+ Kf3 52.Rg3+ Kf2 53.Rg2+ Kf1 54.h4 Qd6+ 55.Kh3 Qe6+ 56.Kh2 Qe5+
57.Kh3 Qf5+ 58.Kh2 Qf3 59.Ra2 Qf4+ 60.Kh3 Qf5+ 61.Kh2 Qe5+  0-1

[Event "e2e4 Buxton Open"]
[Site "Buxton ENG"]
[Date "2012.06.29"]
[Round "1"]
[White "Kender,Robert"]
[Black "Brown,Mart"]
[Result "0-1"]
[WhiteElo "1946"]
[BlackElo "2183"]

1.e4 e6 2.d4 d5 3.Nd2 Nc6 4.Ngf3 Nf6 5.e5 Nd7 6.Bb5 a5 7.c3 Na7 8.Bd3 b5
9.a3 c5 10.dxc5 Nxc5 11.Nb3 Nxd3+ 12.Qxd3 Ba6 13.O-O Qc8 14.Re1 b4 15.Qe3 a4
16.Nbd4 bxa3 17.bxa3 Qc7 18.Rb1 Rc8 19.Bb2 h6 20.Qf4 Bd3 21.Rbd1 Qb6 22.Qc1 Bh7
23.h3 Bc5 24.Rd2 O-O 25.Qa1 Rb8 26.Ree2 Rb7 27.Kh2 Rfb8 28.Qa2 Qa6 29.Ba1 Bb1  0-1

[Event "20th Montcada Open"]
[Site "Montcada i Reixac ESP"]
[Date "2012.06.29"]
[Round "5.14"]
[White "Fernandez Cardoso,A"]
[Black "Navarro Ortiz de Ortuno,B"]
[Result "1/2-1/2"]
[WhiteElo "2437"]
[BlackElo "2348"]

1.e4 e6 2.d4 d5 3.Nd2 a6 4.Ngf3 c5 5.exd5 exd5 6.Be2 c4 7.O-O Bd6 8.Re1 Ne7
9.b3 b5 10.a4 Bb7 11.bxc4 bxc4 12.Bxc4 dxc4 13.Nxc4 Bb4 14.c3 Bd5 15.Qb3 Bxc4
16.Qxb4 Bd5 17.c4 Nc6 18.Qc5 Bxf3 19.d5 Rc8 20.Ba3 Ne5 21.Rxe5 Rxc5 22.Bxc5 O-O
23.Bxe7 Qb8 24.Rae1 f6 25.R5e3 Rc8 26.gxf3 Rxc4 27.Bxf6 Qf4 28.Be5 Qf5 29.d6 Rb4
30.Bg3 Rb1 31.Re8+ Kf7 32.Re7+ Kf8 33.Rxb1 Qxb1+ 34.Kg2 g5 35.Re5 g4 36.d7 gxf3+
37.Kh3 Qf1+ 38.Kg4 Qc4+ 39.Bf4 h5+ 40.Kg3 h4+ 41.Kg4 Qg8+ 42.Bg5 Qc4+ 43.Kh3 Qf1+
44.Kxh4 Qxf2+ 45.Kg4 Qd4+ 46.Kxf3 Qxd7 47.a5 Qh3+ 48.Ke4 Qxh2 49.Kd5 Qc2
50.Kd6 Qc4 51.Rc5 Qd4+ 52.Kc6 Qb4 53.Bd8 Ke8 54.Bb6 Qe4+ 55.Kc7 Ke7 56.Kb8 Kd7
57.Rc7+ Kd6 58.Rc8 Kd7 59.Rc7+ Kd6 60.Ka7 Qe2 61.Kb7 Qf1 62.Rc8 Kd7 63.Rd8+ Ke7
64.Ra8 Qf3+ 65.Ka7 Qf1 66.Rh8 Kd7 67.Kb7 Kd6 68.Rh6+ Kd7 69.Rh7+ Kd6 70.Bc7+ Ke6
71.Rh6+ Kd7 72.Rd6+ Ke7 73.Rxa6 Qb5+ 74.Bb6 Qd7+ 75.Kb8 Qd6+ 76.Kb7 Qd7+
77.Kb8 Qd6+  1/2-1/2

[Event "e2e4 Buxton Open"]
[Site "Buxton ENG"]
[Date "2012.06.30"]
[Round "2"]
[White "Doran,C"]
[Black "Walton,A"]
[Result "0-1"]
[WhiteElo "2017"]
[BlackElo "2179"]

1.e4 e6 2.d4 d5 3.Nd2 a6 4.Ngf3 Nf6 5.Bd3 c5 6.O-O c4 7.Be2 dxe4 8.Ne5 Qxd4
9.Ndxc4 Qxd1 10.Rxd1 Nbd7 11.Nxd7 Bxd7 12.Nb6 Rd8 13.Bf4 Bc5 14.Bc7 Bxb6
15.Bxb6 Rc8 16.c4 O-O 17.Rd2 Bc6 18.Rad1 h6 19.h4 Nh7 20.Rd8 Rfxd8 21.Rxd8+ Rxd8
22.Bxd8 Kf8 23.Kf1 Ke8 24.Bb6 Nf8 25.g3 Nd7 26.Bd4 e5 27.Bc3 f5 28.Bb4 Kf7
29.Ke1 Kf6 30.Kd2 g5 31.hxg5+ hxg5 32.b3 Ke6 33.Ba3 Nf6 34.Bf8 f4 35.a4 e3+
36.Ke1 exf2+ 37.Kxf2 Ne4+ 38.Kg1 Nxg3 39.Bg4+ Kf6 40.Bc8 Ne2+ 41.Kf2 Nd4
42.b4 e4 43.b5 e3+ 44.Kf1 axb5 45.cxb5 Be4 46.Bg4 f3  0-1

[Event "ch-SLO 2012"]
[Site "Ljubljana SLO"]
[Date "2012.06.30"]
[Round "1.4"]
[White "Tomazini,Z"]
[Black "Sebenik,M"]
[Result "1-0"]
[WhiteElo "2267"]
[BlackElo "2573"]

1.e4 e6 2.d4 d5 3.Nd2 Be7 4.Ngf3 Nf6 5.e5 Nfd7 6.Bd3 c5 7.c3 b6 8.Qe2 a5
9.a4 Ba6 10.Bb5 Qc8 11.O-O Nc6 12.c4 Bxb5 13.axb5 Nxd4 14.Nxd4 cxd4 15.cxd5 exd5
16.Qg4 O-O 17.Nf3 Nc5 18.Qxc8 Raxc8 19.Nxd4 Ne6 20.Nc6 Bc5 21.Rd1 Rfe8 22.Bd2 Nc7
23.b4 axb4 24.Nxb4 Nxb5 25.Nxd5 Rxe5 26.Bf4 Re4 27.Be3 Rce8 28.Rab1 Na3 29.Rbc1 Nc4
30.Bxc5 bxc5 31.Nc7 Rc8 32.f3 Rf4 33.Nd5  1-0

[Event "52nd Pacific Southwest Open"]
[Site "Woodland Hills USA"]
[Date "2012.06.30"]
[Round "3"]
[White "Sheng,Joshua"]
[Black "Duckworth,W"]
[Result "0-1"]
[WhiteElo "1925"]
[BlackElo "2302"]

1.e4 e6 2.d4 d5 3.Nd2 Nc6 4.Ngf3 Nf6 5.e5 Ne4 6.Bd3 Nxd2 7.Bxd2 Nb4 8.Bxb4 Bxb4+
9.c3 Be7 10.O-O b6 11.Bb5+ Bd7 12.a4 a6 13.Be2 a5 14.Ne1 c5 15.Nc2 O-O 16.f4 f5
17.Na3 Bc6 18.dxc5 Bxc5+ 19.Kh1 Bxa3 20.Rxa3 Qd7 21.Qd4 Rab8 22.Rb3 Qc7 23.Bb5 Rfc8
24.Rd1 Bxb5 25.Rxb5 Qc4 26.Kg1 Qe2 27.Qd2 Qxd2 28.Rxd2 Rc5 29.Rb3 Kf7 30.Kf2 Ke7
31.Ke3 Kd7 32.Rd4 Kc6 33.Kd3 Rd8 34.Ra3 Kb7 35.Ra1 Rg8 36.g3 h6 37.Rf1 g5
38.Rf2 Rc7 39.Ke3 g4 40.Rf1 h5 41.Kf2 h4 42.Kg2 Rh8 43.Rh1 Rch7 44.Rdd1 hxg3
45.Kxg3 Rh3+ 46.Kg2 Re3 47.Rd2 Re4 48.Rf1 Rxa4 49.Rff2 Rh3 50.Rd1 Rc4 51.Rdd2 a4
52.Rc2 Kc6 53.Rcd2 Kb5 54.Rf1 a3 55.bxa3 Rcxc3 56.Rb2+ Rb3 57.Rff2 Ka4 58.Rfc2 Rhc3  0-1

[Event "XXI Adolf Anderssen Mem Prelim"]
[Site "Wroclaw POL"]
[Date "2012.06.30"]
[Round "8"]
[White "Vysochin,S"]
[Black "Dobrowolski,P"]
[Result "1-0"]
[WhiteElo "2550"]
[BlackElo "2426"]

1.e4 e6 2.d4 d5 3.Nd2 a6 4.e5 c5 5.c3 Nc6 6.Ngf3 cxd4 7.cxd4 Qb6 8.Bd3 Bd7
9.O-O Nb4 10.Be2 Rc8 11.Qb3 Bb5 12.Bxb5+ Qxb5 13.Ne1 Nh6 14.Ndf3 Nc2 15.Qxb5+ axb5
16.Nxc2 Rxc2 17.a4 b4 18.Bxh6 gxh6 19.Rfc1 Rxc1+ 20.Rxc1 Kd7 21.Kf1 Be7 22.Ke2 Rg8
23.g3 Ra8 24.b3 b5 25.axb5 Ra2+ 26.Ke3 Bd8 27.Rc6 Ra5 28.Ra6 Rxb5 29.Ra7+ Ke8
30.Ne1 Rb8 31.Nd3 Rc8 32.Nxb4 Rc3+ 33.Kd2 Rxb3 34.Nc6 Bb6 35.Rb7 Rb2+ 36.Kc1 Rb3
37.Kc2 Rb5 38.g4 Kf8 39.f4 Kg7 40.f5 Kg8 41.f6  1-0

[Event "9th Philadelphia International"]
[Site "Philadelphia USA"]
[Date "2012.07.01"]
[Round "5"]
[White "Getz,A"]
[Black "Belliard,L"]
[Result "1-0"]
[WhiteElo "2321"]
[BlackElo "2170"]

1.e4 e6 2.d4 d5 3.Nd2 Nc6 4.c3 e5 5.dxe5 dxe4 6.Nxe4 Qxd1+ 7.Kxd1 Nxe5 8.Bf4 f6
9.Bxe5 fxe5 10.Bd3 Nf6 11.Kc2 Bd6 12.Rd1 Ke7 13.Ne2 Bg4 14.f3 Be6 15.N2g3 Nxe4
16.Bxe4 c6 17.Bf5 Bd5 18.Be4 Be6 19.Bf5 Bd5 20.Rhe1 Rad8 21.Be4 Be6 22.f4 g6
23.Bf3 exf4 24.Bg4 fxg3 25.Rxe6+ Kf7 26.Rexd6 gxh2 27.Rxd8 Rxd8 28.Rh1 h5
29.Bf3 h4 30.Rxh2 g5 31.Rh1 Kf6 32.Rf1 Kg7 33.Re1 Kf6 34.Bg4 Rd6 35.Rf1+ Kg6
36.Rf8 b6 37.b4 a5 38.bxa5 bxa5 39.a4 Kg7 40.Rf5 Kg6 41.Rxa5 Rf6 42.Rc5 Rf2+
43.Kb3 Rxg2 44.Rxc6+ Kf7 45.Rc4 Rg3 46.a5 h3 47.Bf5 h2 48.Be4 Rg1 49.a6 h1=Q
50.Bxh1 Rxh1 51.a7 Rh8 52.Ra4 Ra8 53.Kc4 g4 54.Kc5 g3 55.Kb6  1-0